00379cam a22001097a 4500008004000000245006700040260004100107300000900148700001900157999001900176952007400195180718b1995 xxu||||| |||| 00| 0 eng d aSadhana paddtiyon ka gyan aur vigyancedited by brahmverchasva aMathurabAkhand Jyoti Sansthanc1995 aV.P. abrahmverchasva c440441d440441 00104070aIIPAbIIPAd2010-05-11p71685r2018-07-21w2018-07-21yBK